000 00400nam a2200157Ia 4500
003 SGT
020 _a9788189866556
082 _a540
_bSIN
100 _aSingh,Devender
245 _aComprehensive engineering chemistry
260 _bI.K. International Publishing House Pvt. Ltd.
_aNew Delhi
_c2008
300 _a351p.
700 _aDesheal,Balraj
700 _aVats,Satish Kumar
942 _2ddc
_cBK
_04
999 _c4907
_d4907